[Event "BCF-chT4 2223 (4NCL)"]
[Site "England"]
[Date "2023.02.05"]
[Round "6.157"]
[White "Breed, Greg"]
[Black "Ireland, David J"]
[Result "1-0"]
[WhiteElo "1797"]
[BlackElo "1971"]
[PlyCount "161"]
[EventDate "2022.11.05"]
[EventType "team-swiss"]
[EventRounds "11"]
[EventCountry "ENG"]
[SourceTitle "EXT 2024"]
[Source "ChessBase"]
[SourceDate "2023.10.10"]
[SourceVersion "1"]
[SourceVersionDate "2023.10.10"]
[SourceQuality "1"]
[WhiteTeam "Cambridge University III"]
[BlackTeam "Coventry"]
[WhiteTeamCountry "ENG"]
[BlackTeamCountry "ENG"]

1. d4 Nf6 2. c4 c5 3. d5 b5 4. cxb5 a6 5. b6 g6 6. Nc3 Bg7 7. e4 d6 8. Be2 Qxb6 9. Nf3 Bg4 10. Nd2 Bxe2 11. Qxe2 Nbd7 12. Nc4 Qc7 13. 0-0 0-0 14. Be3 Nb6 15. Rac1 Nxc4 16. Qxc4 Rfb8 17. Qe2 Rb4 18. f3 Nd7 19. b3 Qb7 20. Rc2 Rc8 21. Rfc1 Nb6 22. Nd1 Bd4 23. Kf1 Bxe3 24. Nxe3 a5 25. Nc4 Ra8 26. Rb2 a4 27. bxa4 Nxa4 28. Rxb4 Qxb4 29. Qc2 Nb6 30. Nxb6 Qxb6 31. Qc4 Qa5 32. Rc2 Rb8 33. Kf2 Rb1 34. Kg3 h5 35. Qc3 Qa8 36. Rb2 Rxb2 37. Qxb2 g5 38. h4 f6 39. hxg5 fxg5 40. Qd2 h4+ 41. Kh2 c4 42. Qxg5+ Kf7 43. Qh5+ Kg8 44. Qg6+ Kf8 45. Qh6+ Kf7 46. Qh7+ Kf6 47. f4 c3 48. Qxh4+ Kf7 49. Qh7+ Kf6 50. Qh6+ Kf7 51. Qe6+ Kf8 52. e5 dxe5 53. fxe5 Qxa2 54. Qh6+ Kg8 55. Qg6+ Kf8 56. Qf5+ Kg7 57. e6 c2 58. Qg5+ Kh8 59. Qh6+ Kg8 60. Qg6+ Kh8 61. Qe8+ Kh7 62. Qxe7+ Kh6 63. Qf6+ Kh7 64. Qf7+ Kh6 65. Qf4+ Kg7 66. Qg5+ Kh7 67. e7 Qa4 68. Qf5+ Kh6 69. Qf8+ Kg5 70. Qg8+ Kh6 71. Qh8+ Kg5 72. Qe5+ Kh6 73. Qe6+ Kg7 74. e8Q Qxe8 75. Qxe8 c1Q 76. Qe5+ Kf7 77. Qf5+ Ke7 78. Qe6+ Kd8 79. Qd6+ Kc8 80. Qc6+ Qxc6 81. dxc6 1-0

[Event "Daventry 4NCL Easter op-A 2nd"]
[Site "Daventry"]
[Date "2022.04.16"]
[Round "2"]
[White "Turner, Max N"]
[Black "Ireland, David J"]
[Result "1-0"]
[WhiteElo "2238"]
[BlackElo "1978"]
[PlyCount "133"]
[EventDate "2022.04.15"]
[EventType "swiss"]
[EventRounds "7"]
[EventCountry "ENG"]
[SourceTitle "CBM 207 Extra"]
[Source "ChessBase"]
[SourceDate "2022.05.31"]
[SourceVersion "1"]
[SourceVersionDate "2022.05.31"]
[SourceQuality "1"]

1. d4 Nf6 2. c4 c5 3. d5 b5 4. cxb5 a6 5. b6 Qxb6 6. Nc3 g6 7. Nf3 Bg7 8. e4 d6 9. Be2 Nbd7 10. Nd2 0-0 11. Nc4 Qb8 12. Bf4 a5 13. Qd2 Nb6 14. Ne3 Ba6 15. Bxa6 Rxa6 16. a4 Nfd7 17. 0-0 Ne5 18. Qe2 c4 19. Bxe5 Bxe5 20. Nxc4 Nxc4 21. Qxc4 Rb6 22. Nb5 Bxb2 23. Rab1 Rc8 24. Qd3 Bf6 25. Qd2 Rc4 26. Qxa5 Rxe4 27. Rfe1 Rd4 28. Red1 Re4 29. Re1 Rd4 30. Red1 Re4 31. g3 h5 32. Re1 Rd4 33. Nxd4 Rxb1 34. Nb5 Rxe1+ 35. Qxe1 Qa8 36. Qe4 Qa5 37. Kg2 Qd2 38. h4 Qa5 39. Qc4 Kg7 40. Nd4 Bxd4 41. Qxd4+ f6 42. Qc4 Qe1 43. Qd4 Qa5 44. Qc4 Qe1 45. Qb5 Qe4+ 46. Kh2 Qd4 47. Kg1 g5 48. hxg5 fxg5 49. Qe2 Qxd5 50. Qxe7+ Kg6 51. Qe8+ Kf6 52. Qxh5 Qa2 53. Qh8+ Kf5 54. Qd4 d5 55. Kg2 Ke6 56. Qb6+ Ke5 57. a5 d4 58. Qc5+ Ke4 59. Qxg5 Kd3 60. Qb5+ Kd2 61. a6 d3 62. Qb7 Ke1 63. Qe4+ Kd2 64. Qe3+ Kc2 65. a7 d2 66. Qe4+ Kc1 67. a8Q 1-0

[Event "Leamington Spa 4NCL op 26th"]
[Site "Leamington Spa"]
[Date "2021.09.12"]
[Round "5"]
[White "Bansal, Saahil"]
[Black "Ireland, David J"]
[Result "0-1"]
[WhiteElo "1833"]
[BlackElo "1947"]
[PlyCount "54"]
[EventDate "2021.09.10"]
[EventType "swiss"]
[EventRounds "5"]
[EventCountry "ENG"]
[SourceTitle "CBM 204 Extra"]
[Source "ChessBase"]
[SourceDate "2021.11.30"]
[SourceVersion "1"]
[SourceVersionDate "2021.11.30"]
[SourceQuality "1"]

1. d4 Nf6 2. c4 c5 3. Nf3 cxd4 4. Nxd4 e5 5. Nb5 d5 6. cxd5 Bc5 7. N5c3 0-0 8. g3 Qb6 9. e3 Bg4 10. Be2 Bxe2 11. Qxe2 e4 12. Nd2 Re8 13. Qc4 Bb4 14. 0-0 Bxc3 15. bxc3 Qd6 16. Rd1 Nbd7 17. Qd4 Re5 18. Nc4 Qe7 19. Ba3 Qe8 20. Nxe5 Nxe5 21. Qb4 Qd7 22. Qe7 Qf5 23. Qxb7 Re8 24. d6 Qh3 25. f4 Nf3+ 26. Kf2 Ng4+ 27. Ke2 Qg2# 0-1

[Event "Leamington Spa 4NCL op 26th"]
[Site "Leamington Spa"]
[Date "2021.09.11"]
[Round "2"]
[White "Ireland, David J"]
[Black "Gibbs, Dominic V"]
[Result "1-0"]
[WhiteElo "1947"]
[BlackElo "1904"]
[PlyCount "37"]
[EventDate "2021.09.10"]
[EventType "swiss"]
[EventRounds "5"]
[EventCountry "ENG"]
[SourceTitle "CBM 204 Extra"]
[Source "ChessBase"]
[SourceDate "2021.11.30"]
[SourceVersion "1"]
[SourceVersionDate "2021.11.30"]
[SourceQuality "1"]

1. e4 Nf6 2. e5 Nd5 3. Nc3 Nxc3 4. bxc3 d6 5. exd6 exd6 6. d4 Qe7+ 7. Be3 Bf5 8. Nf3 Nc6 9. Bb5 a6 10. Ba4 b5 11. Bb3 Bd7 12. Ng5 g6 13. Qf3 0-0-0 14. a4 d5 15. axb5 axb5 16. 0-0 Bf5 17. Qe2 Nb8 18. Ra5 c6 19. Rfa1 1-0

[Event "Bunratty Masters 27th"]
[Site "Bunratty"]
[Date "2020.02.22"]
[Round "4"]
[White "Pein, Jonathan"]
[Black "Ireland, David J"]
[Result "1-0"]
[WhiteElo "2160"]
[BlackElo "1969"]
[PlyCount "67"]
[EventDate "2020.02.21"]
[EventType "swiss"]
[EventRounds "6"]
[EventCountry "IRL"]
[SourceTitle "EXT 2023"]
[Source "ChessBase"]
[SourceDate "2022.10.05"]
[SourceVersion "1"]
[SourceVersionDate "2022.10.05"]
[SourceQuality "1"]

1. e4 Nf6 2. Nc3 d5 3. e5 Ne4 4. Qf3 Nxc3 5. dxc3 g6 6. Be3 Bg7 7. Qg3 c6 8. Bd3 b6 9. h4 h6 10. f4 Qc7 11. Bxg6 fxg6 12. Qxg6+ Kf8 13. e6 Bxe6 14. Qxe6 Nd7 15. Nf3 Rd8 16. Ne5 Nxe5 17. fxe5 Bxe5 18. 0-0+ Ke8 19. Qg6+ Kd7 20. Qg4+ Ke8 21. Rae1 Qd6 22. Rf5 h5 23. Rxh5 Rxh5 24. Qxh5+ Kd7 25. Qf5+ Kc7 26. Qxe5 Qxe5 27. Bxb6+ axb6 28. Rxe5 Kd6 29. Rg5 e5 30. Rg6+ Kd7 31. Kf2 e4 32. h5 c5 33. Rxb6 Rg8 34. Rg6 1-0

[Event "BCF-chT4S 1920 (4NCL)"]
[Site "England"]
[Date "2020.01.11"]
[Round "3.114"]
[White "Lewis, Stephen"]
[Black "Ireland, David J"]
[Result "1-0"]
[WhiteElo "1859"]
[BlackElo "1961"]
[PlyCount "107"]
[EventDate "2019.11.09"]
[EventType "team-swiss"]
[EventRounds "11"]
[EventCountry "ENG"]
[SourceTitle "EXT 2022"]
[Source "ChessBase"]
[SourceDate "2021.10.06"]
[SourceVersion "1"]
[SourceVersionDate "2021.10.06"]
[SourceQuality "1"]
[WhiteTeam "Iceni II"]
[BlackTeam "Throw in the Tal"]
[WhiteTeamCountry "ENG"]
[BlackTeamCountry "ENG"]

1. d4 Nf6 2. Nc3 d5 3. Bf4 Bf5 4. f3 c5 5. e3 Nc6 6. Bb5 cxd4 7. Bxc6+ bxc6 8. exd4 e6 9. Na4 Bd6 10. Bxd6 Qxd6 11. Ne2 g5 12. c3 h5 13. Nc1 g4 14. Nc5 gxf3 15. Qxf3 Rb8 16. b4 Ke7 17. 0-0 Ng4 18. Qf4 Rbg8 19. N1d3 Qxf4 20. Nxf4 h4 21. Rae1 Kd6 22. Re2 Nf6 23. Rff2 Rh7 24. Rb2 Rhg7 25. a4 Ne4 26. Nxe4+ Bxe4 27. Nh5 Rg5 28. Nf6 Rf8 29. Nxe4+ dxe4 30. Rf4 Kd5 31. Rxh4 f5 32. Rh6 f4 33. b5 f3 34. bxc6 Kc4 35. Rxe6 Kxc3 36. Ra2 Kxd4 37. g3 Rc5 38. Kf2 Kd5 39. Rg6 Rc3 40. Rd2+ Kc5 41. Re6 Rc4 42. c7 Rc8 43. Re7 Kb4 44. Ke3 R8xc7 45. Rxc7 Rxc7 46. Kxe4 Kxa4 47. Kxf3 a5 48. h4 Kb3 49. h5 a4 50. h6 a3 51. Rd3+ Kb2 52. Rxa3 Kxa3 53. g4 Kb4 54. g5 1-0